LEADER 00549nas a2200157 i 4500 001 000000032942 003 CaOOAMICUS 005 20180830125450.0 008 180830n it u0 ita u 040 $aSeMil$bita 100 1 $aCarli Ballola, Giovanni.$0(OLS)http://semarc/name/15156 245 12$aL'amoroso canto /$ccollana diretta da Giovanni Carli Ballola. 260 $aPalermo :$bL'Epos,$c2011?] 300 $av. ;$c21 cm. 996 $6245$aL'amoroso canto$9(OLS)http://semarc/title/44600 996 $6260$aPalermo :$bL'Epos$9(OLS)http://semarc/publisher/32299 LEADER 01299nam a2200289 4500 001 000000356681 003 CaOOAMICUS 005 20241004122003.0 008 240110s1979 fr 000 u fre r 020 $a2-86335-011-0 040 $aSeMil$bita 100 1 $aDefois, Gérard <1931->.$0(OLS)http://semarc/name/9784 245 10$aJonas ou l'insurrection de Dieu /$cGérard Defois ; [preface du cardinal Etchegaray]. 264 1$aParis :$bCana,$c1979. 300 $a200 p. ;$c21 cm 490 1 $aDes idées, des hommes 600 04$aGiona .$0(OLS)http://semarc/subject/54971 650 4$aBibbia. Antico Testamento. Giona - Commentari, studi, critica, interpretazioni.$0(OLS)http://semarc/subject/3616 700 1 $aEtchegaray, Roger,$c.$0(OLS)http://semarc/name/18760 830 0$aDes idées, des hommes.$0(OLS)http://semarc/title/447039 850 $aSeMil 852 $aSeMil$W1$xVenegono$y1$m2W III 196$j247369$B247872$CSeMilBibl$Z2$F247872 $81 961 $aCitrini don Tullio - Omaggio 996 $6020$a2-86335-011-0$9(OLS)http://semarc/number/299602 996 $6245$aJonas ou l'insurrection de Dieu$9(OLS)http://semarc/title/446934 996 $6264$aParis :$bCana$9(OLS)http://semarc/publisher/46017